Vi tích phân
Shranjeno v:
| Glavni avtor: | |
|---|---|
| Format: | Knjiga |
| Jezik: | Undetermined |
| Izdano: |
Tp. HCM
Trường Đại học Tổng hợp Tp. HCM
1995
|
| Teme: | |
| Oznake: |
Označite
Brez oznak, prvi označite!
|
| Thư viện lưu trữ: | Trung tâm Học liệu Trường Đại học Cần Thơ |
|---|
| LEADER | 00556nam a2200181Ia 4500 | ||
|---|---|---|---|
| 001 | CTU_35603 | ||
| 008 | 210402s9999 xx 000 0 und d | ||
| 082 | |a 515 | ||
| 082 | |b Qu527 | ||
| 100 | |a Nguyễn Thị Ngọc Quyên | ||
| 245 | 0 | |a Vi tích phân | |
| 245 | 0 | |c Nguyễn Thị Ngọc Quyên | |
| 260 | |a Tp. HCM | ||
| 260 | |b Trường Đại học Tổng hợp Tp. HCM | ||
| 260 | |c 1995 | ||
| 650 | |a Mathematical analysis | ||
| 904 | |i Nguyễn Quang Điền, 000306 | ||
| 980 | |a Trung tâm Học liệu Trường Đại học Cần Thơ | ||